01130nam a22003014a 4500001001200000003000800012006001900020007001500039008004100054020002200095040002100117035002000138050002300158082001700181100002200198245011600220250001200336260003900348300001700387504005100404533015200455650001300607655002900620700001900649710001700668856012600685999001700811ebr10243497CaPaEBRm u cr cn|||||||||030602s2003 mau sb 001 0 eng  z1405115785 (pbk.) aCaPaEBRcCaPaEBR a(OCoLC)6123111514aRC117b.R47 2003eb04a616.9/692211 aRichardson, M. D.10aFungal infectionh[electronic resource] :bdiagnosis and management /cMalcolm D. Richardson, David W. Warnock. a3rd ed. aMalden, Mass. :bBlackwell,c2003. axxvi, 366 p. aIncludes bibliographical references and index. aElectronic reproduction.bPalo Alto, Calif. :cebrary,d2013.nAvailable via World Wide Web.nAccess may be limited to ebrary affiliated libraries. 0aMycoses. 7aElectronic books.2local1 aWarnock, D. W.2 aebrary, Inc.40uhttp://site.ebrary.com/lib/rucke/Doc?id=10243497zAn electronic book accessible through the World Wide Web; click to view c36609d36609